Bản ngã vô biên : 33 bước phục hồi nội lực của bạn
Sách giới thiệu 33 bước giáo huấn cổ xưa trong các đạo giáo và người hành đạo phải tuân theo
Guardado en:
| Autor principal: | |
|---|---|
| Formato: | Libro |
| Lenguaje: | Undetermined |
| Publicado: |
Hà Nội
Tôn giáo
2005
|
| Materias: | |
| Etiquetas: |
Agregar Etiqueta
Sin Etiquetas, Sea el primero en etiquetar este registro!
|
| Thư viện lưu trữ: | Trung tâm Học liệu Trường Đại học Cần Thơ |
|---|
| LEADER | 00816nam a2200217Ia 4500 | ||
|---|---|---|---|
| 001 | CTU_101085 | ||
| 008 | 210402s9999 xx 000 0 und d | ||
| 020 | |c 32000 | ||
| 082 | |a 294.307 | ||
| 082 | |b W671 | ||
| 100 | |a Wilde, Stuart | ||
| 245 | 0 | |a Bản ngã vô biên : | |
| 245 | 0 | |b 33 bước phục hồi nội lực của bạn | |
| 245 | 0 | |c Stuart Wilde, Nguyễn Kim Dân (dịch), Phạm Ngọc Đỉnh (hiệu đính) | |
| 260 | |a Hà Nội | ||
| 260 | |b Tôn giáo | ||
| 260 | |c 2005 | ||
| 520 | |a Sách giới thiệu 33 bước giáo huấn cổ xưa trong các đạo giáo và người hành đạo phải tuân theo | ||
| 650 | |a Education, research, related topics | ||
| 904 | |i Hiếu | ||
| 980 | |a Trung tâm Học liệu Trường Đại học Cần Thơ | ||